000
00307cam a2200133ua 4500
003
OSt
008
221102b |||||||| |||| 00| 0 eng d
041
_a
mal
082
_a
300
_b
KER/SO
245
_a
Samoohya padangal /
260
_a
India :
_b
Government of Kerala ,
_c
1963.
300
_a
107 ; .
942
_c
BK
999
_c
4643
_d
4643